Trị liệu tâm lý : Cơ sở lý luận và thực hành điều trị tâm bệnh
Nội dung sách giới thiệu cơ sở chung về trị liệu tâm lý, trị liệu phân tâm, trị liệu nhân văn và hiện sinh, trị liệu nhận thức và hành vi. Đánh giá trong chẩn đoán và trị liệu tâm lý, những liệu pháp tâm lý căn bản......
Gespeichert in:
| 1. Verfasser: | |
|---|---|
| Format: | Buch |
| Sprache: | Undetermined |
| Veröffentlicht: |
Hà Nội
Đại học Quốc gia Hà Nội
2017
|
| Schlagworte: | |
| Tags: |
Tag hinzufügen
Keine Tags, Fügen Sie den ersten Tag hinzu!
|
| Thư viện lưu trữ: | Trung tâm Học liệu Trường Đại học Cần Thơ |
|---|
| LEADER | 01038nam a2200229Ia 4500 | ||
|---|---|---|---|
| 001 | CTU_231087 | ||
| 008 | 210402s9999 xx 000 0 und d | ||
| 020 | |c 68000 | ||
| 082 | |a 612.8 | ||
| 082 | |b Kh107 | ||
| 100 | |a Nguyễn, Công Khanh | ||
| 245 | 0 | |a Trị liệu tâm lý : | |
| 245 | 0 | |b Cơ sở lý luận và thực hành điều trị tâm bệnh | |
| 245 | 0 | |c Nguyễn Công Khanh | |
| 260 | |a Hà Nội | ||
| 260 | |b Đại học Quốc gia Hà Nội | ||
| 260 | |c 2017 | ||
| 520 | |a Nội dung sách giới thiệu cơ sở chung về trị liệu tâm lý, trị liệu phân tâm, trị liệu nhân văn và hiện sinh, trị liệu nhận thức và hành vi. Đánh giá trong chẩn đoán và trị liệu tâm lý, những liệu pháp tâm lý căn bản... | ||
| 650 | |a Hệ thần kinh,Nervous system | ||
| 650 | |x Bệnh,Diseases | ||
| 910 | |b dqhieu | ||
| 980 | |a Trung tâm Học liệu Trường Đại học Cần Thơ | ||